| 000 | 01147nam a2200241 i 4500 | ||
|---|---|---|---|
| 001 | 152202 | ||
| 003 | ES-MaACL | ||
| 005 | 20251011063141.0 | ||
| 008 | 051011s1870 cu |||| | spa d | ||
| 040 |
_aCAM _bspa _cCAM |
||
| 080 | _a373.5(729.1) | ||
| 100 | 1 |
_aBlanco Fernández, Antonio, _dm. 1873 _929247 |
|
| 245 | 1 | 0 | _aDiscurso que en la solemne apertura del año escolar de 1870 en 1871 pronunció el día 1º de octubre, en el Instituto de Segunda Enseñanza, su director en comisión, D. Antonio Blanco Fernández. |
| 260 |
_aHabana : _b[s.n.], _c1870 ( _eImp. del Gobierno y Capitanía General) |
||
| 300 |
_a13 p., [20] h. ; _c20 cm. |
||
| 530 | _aDisponible en formato digital. | ||
| 650 | 4 |
_aEnseñanza- _zCuba _912282 |
|
| 710 | 2 |
_aInstituto de Segunda Enseñanza de La Habana. _9134557 |
|
| 852 |
_aES-MaACL _jT-159-F-11 _z- Enc. hol., falto de cub. original _z- Enc. en un vol. facticio |
||
| 852 |
_aES-MaACL _jT-113-F-9 _z- Enc. hol., falto de cub. original _z- Enc. en un vol. facticio |
||
| 856 |
_uhttp://bdh-rd.bne.es/viewer.vm?id=0000084226&page=1 _zBiblioteca Digital Hispánica |
||
| 999 |
_c152202 _d152202 |
||